Normal view MARC view
  • Bartolomé Pina, Antonio Ramón,

Entry Nombre Personal

Number of records used in: 8

001 - NUMERO DE CONTROL

  • campo de control: 32947

003 - IDENTIFICADOR DE NUMERO DE CONTROL

  • campo de control: UPN

005 - FECHA Y HORA DE LA ÜLTIMA TRANSACCIÓN

  • campo de control: 20210219194437.0

008 - DATOS DE LONGITUD FIJA

  • campo de control de longitud fija: nabaccnnaabn|||||||||| b |nc|||||d

035 ## - NUMERO DE CONTROL

  • Número de control: UPN11000005054

040 ## - FUENTE DE CATALOGACIÓN

  • Lenguaje de catalogación: SPA
  • Agencia de transcripción: UPN

100 1# - ENCABEZAMIENTO - NOMBRE PERSONAL

  • Nombre personal: Bartolomé Pina, Antonio Ramón,
  • Fechas asociadas con el nombre: 1952-

400 1# - VEÁSE - NOMBRE DE PERSONA

  • Personal name: Bartolomé, Antonio,
  • Dates associated with a name: 1952-

670 ## - FUENTE EN LA QUE SE LOCALIZARON DATOS

  • Cita de la fuente: T
  • Uniform Resource Identifier: http://noguera.fcep.urv.es/doctorado/curriculum/Bartolome.pdf

680 ## - NOTA PUBLICA DE ACCESO PÚBLICO

  • Frase explicativa de la referencia: Doctor en Filosofía y Ciencias de la Educación español

902 ## - CATALOGADOR

  • Catalogador: MMA/140113